000 00535nam a2200193Ia 4500
005 20250326141207.0
008 250326s9999 xx 000 0 und d
020 _a81-7094-095-8
037 _aTextbook
040 _aFMSL
_beng
_cFMSL
041 _aeng
_2eng
084 _aX8(A).44 N2
_qFMSL
100 _aSengupta N K
_9101656
245 0 _aUnshackling of Indian industry
_cSengupta N K
260 _aNew Delhi
_bNew Delhi, Vision
_c1992
300 _a264p
942 _cTB
_hX8(A).44 N2
999 _c1289157
_d1289157